Manual del Ingeniero

Bibliographic Details
Main Author: Hutte
Format: Section = Libro
Language:Undetermined
Spanish
Published: Barcelona Gustavo Gili 1938
Subjects:
LEADER 00478nam a2200181Ia 4500
008 240829s9999 xx 000 0 und d
020 |a 84-252-0271-X 
040 |a BIBLIOTECA-RUPAP Ref 620.202 H932 
041 |a spa 
082 |a Ref 620.202 H932 
100 1 |a Hutte 
245 1 0 |a Manual del Ingeniero 
260 |a Barcelona  |b Gustavo Gili  |c 1938 
300 |a 1912 p. :il. 
650 7 |a CIENCIA DE LOS MATERIALES EN GENERAL. I. Tít. 
942 |c BK  |2 ddc 
991 |a TEXTO 
999 |c 10311